|
|
|
|
| LEADER |
00745nab a2200205 i 4500 |
| 001 |
misc68014 |
| 005 |
20230215094819.0 |
| 008 |
221104s1984 hu o 0|| hun d |
| 040 |
|
|
|a SZTE Miscellanea Repozitórium
|b hun
|
| 041 |
|
|
|a hun
|
| 100 |
2 |
|
|a T. Molnár István
|
| 245 |
1 |
2 |
|a A magyar beszédhangok szubjektív elemi szimbolikája
|h [elektronikus dokumentum] :
|b kandidátusi értekezés tézisei /
|c T. Molnár István
|
| 260 |
|
|
|c 1984
|
| 300 |
|
|
|a 29 p.
|c 20 cm
|
| 561 |
|
|
|a Németh Gyula hagyaték
|
| 591 |
|
|
|a OV 3819
|
| 650 |
|
4 |
|a Bölcsészettudományok
|
| 650 |
|
4 |
|a Nyelvek és irodalom
|
| 695 |
|
|
|a Magyar nyelv - fonetika, Hangszimbolika
|
| 856 |
4 |
0 |
|u http://misc.bibl.u-szeged.hu/68014/1/3819_ov_m80.pdf
|z Dokumentum-elérés
|